000 00355 a2200169 4500
001 169807
020 _a85-7319-270-4
040 _cMagnum
100 _aBloise, Paulo Vicente
240 1 0 _aDe olho na rua
_lpor
245 1 0 _aDe olho na rua
300 _a152
362 0 _a2002
440 1 _aDimensão
697 _aLITERATURA JUVENIL
942 _cBK
999 _c169807
_d169807